Statistiken für Top 15 Länder mit Covid-19-Todesfällen - 25. August 2021

Klicken Sie hier um das Quiz zu spielen!

Allgemein

  • Dieses Quiz wurde 17 mal gespielt
  • Das Durchschnittsergebnis liegt bei 13 aus 25

Antwortstatistiken

Land% Korrekt
Vereinigte Staaten
100%
Deutschland
94%
Frankreich
88%
Russland
88%
Brasilien
82%
Italien
82%
Spanien
82%
Indien
71%
Vereinigtes Königreich
65%
Kolumbien
59%
Mexiko
59%
Argentinien
53%
Peru
53%
Iran
41%
Kroatien
41%
Slowakei
41%
Ungarn
41%
Indonesien
35%
Belgien
29%
Tschechien
29%
Bulgarien
24%
Paraguay
24%
Slowenien
24%
Bosnien und Herzegowina
18%
Nordmazedonien
12%

Verteilung der Resultate

Perzentil nach korrekt beantworteten Fragen

Anzahl Personen mit jedem Resultat

Ihre Resultats-Entwicklung

Sie haben dieses Quiz noch nicht gespielt